000 00554nam a2200145Ia 4500
008 100122s9999 xx 000 0 und d
082 _b21796
_a620
100 _aआपटे श्री स
245 _aमोटार-सायकल निगा व दुरूस्ती
260 _bउद्यम प्रकाशन
_c1972
300 _a207
630 _aमोटार-सायकल निगा व दुरूस्ती
730 _aमोटार-सायकल निगा व दुरूस्ती
942 _cBOOK
999 _c409751
_d409748